000 00745nam a2200205Ia 4500
003 0
005 20250127085702.0
008 150126s9999 xx 000 0 und d
050 _aPGS LB 1049
_b.T161 2014
100 _aTanaka, Paul.
245 _aVarsity and study habits of grade 6 students of SISC /
_cPaul Tanaka.
260 _aLas PiƱas City, Philippines :
_bSouthville International School and Colleges,
_c2014.
300 _a32 p. :
_bill. ;
_c28 cm.
504 _aIncludes bibliographical references.
650 _aStudy skills
_vElementary education.
650 _aAthletics
_2Psychological aspects.
650 _aElementary school students
_vEducation.
650 _aSports in education
_vElementary education.
942 _2lcc
_cPASS
999 _c278633
_d278633